ბათუმის შოთა რუსთაველის სახელმწიფო უნივერსიტეტის ბიბლიოთეკა

ფინანსური ბაზარი (ბიბ.ჩანაწერი № 44003)

000 -LEADER
fixed length control field 00860nam a2200265Ia 4500
001 - CONTROL NUMBER
control field 10753
003 - CONTROL NUMBER IDENTIFIER
control field GE_BSU
008 - FIXED-LENGTH DATA ELEMENTS--GENERAL INFORMATION
fixed length control field 181216s||||||||xx |||||||||||||| ||und||
020 ## - INTERNATIONAL STANDARD BOOK NUMBER
International Standard Book Number 9994062174
040 ## - CATALOGING SOURCE
Transcribing agency GE_BSU
080 ## - UNIVERSAL DECIMAL CLASSIFICATION NUMBER
Universal Decimal Classification number 336.763(075.8)
100 ## - MAIN ENTRY--PERSONAL NAME
Personal name ბახტაძე,ლელა
245 ## - TITLE STATEMENT
Title ფინანსური ბაზარი
245 ## - TITLE STATEMENT
Remainder of title დამხმარე სახელმძღვანელო
245 ## - TITLE STATEMENT
Statement of responsibility, etc. რედ:ელგუჯა მექვაბიშვილი.
260 ## - PUBLICATION, DISTRIBUTION, ETC.
Place of publication, distribution, etc. თბილისი
260 ## - PUBLICATION, DISTRIBUTION, ETC.
Name of publisher, distributor, etc. ვერჟე
260 ## - PUBLICATION, DISTRIBUTION, ETC.
Date of publication, distribution, etc. 2007
300 ## - PHYSICAL DESCRIPTION
Extent 280გვ;20სმ.
300 ## - PHYSICAL DESCRIPTION
Other physical details რეზ.რუს.და ინგლ.ენ.
300 ## - PHYSICAL DESCRIPTION
Accompanying material ბიბლიოგრ.გვ:275-279.
653 ## - INDEX TERM--UNCONTROLLED
Uncontrolled term ფინანსური ბაზარი
942 ## - ADDED ENTRY ELEMENTS (KOHA)
Koha item type წიგნი
ეგზემპლარები
Withdrawn status Lost status Damaged status Not for loan Date acquired Barcode Date last seen Price effective from Koha item type
        2018-12-17 35037 2018-12-17 2018-12-17 წიგნი
        2018-12-17 35038 2018-12-17 2018-12-17 წიგნი